Femtosecond laser applications in biology : 29 April 2004, Strasbourg, France /

Bibliographic Details
Corporate Author: Society of Photo-optical Instrumentation Engineers
Other Authors: Avrillier, Sigrid, Tualle, Jean-Michel
Format: Book
Language:English
Published: Bellingham, Washington : SPIE, [2004]
Series:Progress in biomedical optics and imaging ; v. 5, no. 34.
Proceedings of SPIE--the International Society for Optical Engineering ; v. 5463.
Subjects:
Online Access:https://www.spiedigitallibrary.org/conference-proceedings-of-SPIE/5463.toc

MARC

Tag First Indicator Second Indicator Subfields
LEADER 00000cam a2200000 a 4500
001 in00002017501
005 20230724230902.9
008 041124s2004 waua b 101 0 eng c
020 |a 0819453862 
035 |a (OCoLC)ocm57047336 
040 |a ZCU  |c ZCU  |d TXA  |d UtOrBLW 
049 |a TXAM 
090 |a QH524.4  |b .F46 2004 
245 0 0 |a Femtosecond laser applications in biology : 29 April 2004, Strasbourg, France /  |c Sigrid Avrillier, Jean-Michel Tualle, chairs/editors ; sponsored and published by SPIE--the International Society for Optical Engineering. 
264 1 |a Bellingham, Washington :  |b SPIE,  |c [2004] 
264 4 |c ©2004 
300 |a vii, 146 pages :  |b illustrations ;  |c 28 cm. 
336 |a text  |b txt  |2 rdacontent 
337 |a unmediated  |b n  |2 rdamedia 
338 |a volume  |b nc  |2 rdacarrier 
490 1 |a Progress in biomedical optics and imaging,  |x 1605-7422 ;  |v v. 5, no. 34 
490 1 |a Proceedings / SPIE--the International Society for Optical Engineering ;  |v v. 5463 
504 |a Includes bibliographical references and index. 
650 0 |a Lasers in biology  |v Congresses. 
650 0 |a Laser pulses, Ultrashort  |v Congresses. 
700 1 |a Avrillier, Sigrid. 
700 1 |a Tualle, Jean-Michel. 
710 2 |a Society of Photo-optical Instrumentation Engineers. 
830 0 |a Progress in biomedical optics and imaging ;  |v v. 5, no. 34. 
830 0 |a Proceedings of SPIE--the International Society for Optical Engineering ;  |v v. 5463. 
856 4 1 |u https://www.spiedigitallibrary.org/conference-proceedings-of-SPIE/5463.toc  |t 0 
948 |a cataloged  |b h  |c 2004/12/10  |d c  |e dmitchel  |f 8:20:10 am 
994 |a E0  |b TXA 
999 |a MARS 
999 f f |s 0031d526-4632-30d9-98fc-635077402939  |i 54896289-85dd-3af1-ad8a-7e37896ac9b5  |t 0 
952 f f |p ric  |a Texas A&M University  |b Rellis Campus  |c Joint Library Facility  |d Remote Storage  |t 0  |e QH524.4 .F46 2004  |h Library of Congress classification  |i unmediated -- volume  |m A14831640961 
998 f f |a QH524.4 .F46 2004  |t 0  |l Remote Storage